Bitter lemons
Uloženo v:
| Hlavní autor: | |
|---|---|
| Médium: | Kniha |
| Jazyk: | angličtina |
| Vydáno: |
Londres
Faber and Faber
1957
|
| Témata: | |
| Tagy: |
Přidat tag
Žádné tagy, Buďte první, kdo vytvoří štítek k tomuto záznamu!
|
MARC
| LEADER | 00000nam a2200000 a 4500 | ||
|---|---|---|---|
| 001 | UCQ4455 | ||
| 003 | CL-VaPUC | ||
| 008 | 980904e19570000UK |||||||||||||||||eng|d | ||
| 082 | 0 | 4 | |a 823 |b DUR |2 21 |
| 100 | 0 | |a Durrell, Lawrence |e author |9 418654 | |
| 245 | 1 | 0 | |a Bitter lemons |
| 300 | |a 255 p | ||
| 942 | |c BK | ||
| 945 | |d 19980904 00:00:00 |a lriquelm | ||
| 260 | |a Londres |b Faber and Faber |c 1957 | ||
| 650 | 0 | |a Novelas inglesas |9 265220 | |
| 650 | 0 | |a Literatura inglesa |9 312907 | |
| 583 | |a last modification |c 19980904 00:00:00 |k Rodrigo Vera | ||
| 999 | |c 274830 |d 274828 | ||
| 952 | |0 0 |1 0 |4 0 |6 823_000000000000000_DUR_1957 |7 0 |8 A |9 311147 |a BIBEDU |b BIBEDU |d 2019-11-20 |i 1461141 |o 823 DUR 1957 |p 1461141 |r 2019-11-20 |w 2019-11-20 |y BK |k LIT | ||